| 000 | 00840nam a22002537a 4500 | ||
|---|---|---|---|
| 003 | CHAP | ||
| 005 | 20220329135800.0 | ||
| 008 | 971013s1892 r 00010 d | ||
| 010 | _a42011 | ||
| 011 | _a42983 | ||
| 035 | _a47113 | ||
| 040 | _cCHAP | ||
| 082 |
_a508.2 _bE8 1892 |
||
| 110 |
_aEscuela Normal para Profesoras. México _937607 |
||
| 245 | _aConferencias científicas de las alumnas, en el período del 4 de junio a 30 de julio de 1892 | ||
| 260 |
_aMéxico, D. F. : _bLitografía y Topografía de Montauriol Sucs.,, _c1892 |
||
| 300 | _a245 p. | ||
| 590 |
_aBATCH-UPD _b10 _c20130110 _lUCH01 _h2332 |
||
| 590 |
_aCONVERSION _b10 _c20130109 _lUCH01 _h1323 |
||
| 650 | 1 | 4 |
_aCiencia _xDiscursos, ensayos, conferencias. _923117 |
| 901 | _aBK | ||
| 942 | _cLIBRO | ||
| 949 |
_a508.2 E8 1892 _bBC _cBPP _d-107173 _eBPP _h15267 _i47113 _si |
||
| 999 |
_c42011 _d42011 |
||